000 00563nam a22002297a 4500
001 BS2023000646
003 BR-BrBNA
005 20231215125328.0
008 231215b bl.||||| |||| 00| 0 por d
020 _a85-01-04612-4
040 _aBR-BrBNA
_bpor
041 _apor
072 _aS86
100 _4aut.
_aSant'Anna, Ivan
245 _aRapina /
_cIvan Sant'Anna
260 _aRio de Janeiro, RJ :
_bRecord,
_c1996.
300 _a205 p.
650 _aROMANCE BRASILEIRO
909 _a202312
_bAna Lívia
942 _cBK
999 _c260055
_d260055